From the Trenches (Record no. 1684)

MARC details
000 -LEADER
fixed length control field 00397nam a2200169Ia 4500
003 - CONTROL NUMBER IDENTIFIER
control field OSt
005 - DATE AND TIME OF LATEST TRANSACTION
control field 20231108155036.0
008 - FIXED-LENGTH DATA ELEMENTS--GENERAL INFORMATION
fixed length control field 230408s9999 xx 000 0 und d
020 ## - INTERNATIONAL STANDARD BOOK NUMBER
International Standard Book Number 9789353450908
082 ## - DEWEY DECIMAL CLASSIFICATION NUMBER
Classification number 348.54
Item number SINF
100 ## - MAIN ENTRY--PERSONAL NAME
Personal name SINGHVI, Abhishek
245 #0 - TITLE STATEMENT
Title From the Trenches
260 ## - PUBLICATION, DISTRIBUTION, ETC.
Place of publication, distribution, etc. Delhi
Name of publisher, distributor, etc. Juggernaut
Date of publication, distribution, etc. 2020
300 ## - PHYSICAL DESCRIPTION
Extent 225
650 ## - SUBJECT ADDED ENTRY--TOPICAL TERM
Topical term or geographic name entry element Law Reports-Digest
942 ## - ADDED ENTRY ELEMENTS (KOHA)
Koha item type Book
Source of classification or shelving scheme Dewey Decimal Classification
Holdings
Withdrawn status Lost status Source of classification or shelving scheme Damaged status Not for loan Collection code Home library Current library Shelving location Date acquired Cost, normal purchase price Full call number Barcode Date last seen Price effective from Koha item type Public note
    Dewey Decimal Classification     Non-fiction RIC Library RIC Library General Stacks 04/08/2023 599.00 348.54 SINF 001084 04/08/2023 04/08/2023 Book R-7.6

Venue

Rajasthan International Centre
Sansthan Path,JLN Marg, Jaipur- 302017
Phone: +91-7230904025